000 01103cam a2200301 a 4500
999 _c710
_d710
001 12185625
003 OSt
005 20200303143631.0
008 000926s2000 enka b 001 0 eng
010 _a 00708794
020 _a0750644206
040 _aDLC
_cDLC
_dDLC
050 0 0 _aHD30.2
_b.R46 2000
082 _a004 REM 2000
100 1 _aRemenyi, D.; Money, Arthur H.; Sherwood-Smith, Michael.
_91886
245 1 4 _aThe Effective Measurement and Management of IT Costs and Benefits.
250 _a2nd ed.
260 _aOxford ;
_bButterworth-Heinemann,
_c2000.
300 _axviii, 362 p. :
_bill. ;
_c26 cm.
440 0 _aComputer weekly professional series
_91887
504 _aIncludes bibliographical references (p. [349]-356) and index.
650 0 _aInformation technology
_91888
650 0 _aTechnology evaluation
_913782
856 4 2 _3Publisher description
_uhttp://www.loc.gov/catdir/description/els031/00708794.html
856 4 1 _3Table of contents
_uhttp://www.loc.gov/catdir/toc/els031/00708794.html
906 _a7
_bcbc
_corigcop
_d2
_encip
_f20
_gy-gencatlg
942 _2ddc
_cSLOAN